MARC details
| 000 -LEADER |
| fixed length control field |
02854cam a2200505Ii 4500 |
| 001 - CONTROL NUMBER |
| control field |
sjds855036 |
| 003 - CONTROL NUMBER IDENTIFIER |
| control field |
sjds |
| 005 - DATE AND TIME OF LATEST TRANSACTION |
| control field |
20160916142152.0 |
| 008 - FIXED-LENGTH DATA ELEMENTS--GENERAL INFORMATION |
| fixed length control field |
141218s2015 scu j b 001 0 spa |
| 010 ## - LIBRARY OF CONGRESS CONTROL NUMBER |
| LC control number |
2014049233 |
| 020 ## - INTERNATIONAL STANDARD BOOK NUMBER |
| International Standard Book Number |
9781628555745 (trade paperback) |
| 020 ## - INTERNATIONAL STANDARD BOOK NUMBER |
| International Standard Book Number |
1628555742 (trade paperback) |
| 035 ## - SYSTEM CONTROL NUMBER |
| System control number |
783482 |
| 035 ## - SYSTEM CONTROL NUMBER |
| System control number |
(OCoLC)898433555 |
| 035 ## - SYSTEM CONTROL NUMBER |
| System control number |
(OCoLC)ocn898433555 |
| 035 ## - SYSTEM CONTROL NUMBER |
| System control number |
774644 |
| 035 ## - SYSTEM CONTROL NUMBER |
| System control number |
783482 |
| 035 ## - SYSTEM CONTROL NUMBER |
| System control number |
783482 |
| 040 ## - CATALOGING SOURCE |
| Original cataloging agency |
DLC |
| Language of cataloging |
eng |
| Description conventions |
rda |
| Transcribing agency |
DLC |
| Modifying agency |
BDX |
| -- |
OCLCF |
| -- |
BTCTA |
| -- |
OCLCQ |
| -- |
IFA |
| 041 1# - LANGUAGE CODE |
| Language code of text/sound track or separate title |
spa |
| Language code of original |
eng |
| 042 ## - AUTHENTICATION CODE |
| Authentication code |
pcc |
| 049 ## - LOCAL HOLDINGS (OCLC) |
| Holding library |
IFAA |
| 099 ## - LOCAL FREE-TEXT CALL NUMBER (OCLC) |
| Classification number |
597.85 |
| Filing suffix |
2015 |
| 999 ## - SYSTEM CONTROL NUMBERS (KOHA) |
| Koha Dewey Subclass [OBSOLETE] |
CHILDREN ESPANOL 597.85 CURTIS 2015 |
| 100 1# - MAIN ENTRY--PERSONAL NAME |
| Personal name |
Curtis, Jennifer Keats, |
| Relator term |
author. |
| 240 10 - UNIFORM TITLE |
| Uniform title |
<a href="Salamander season.">Salamander season.</a> |
| Language of a work |
Spanish |
| 245 10 - TITLE STATEMENT |
| Title |
Temporada de salamandras / |
| Statement of responsibility, etc. |
por Jennifer Keats Curtis, J. Adam Frederick, y Shennen Bersani. |
| 260 ## - PUBLICATION, DISTRIBUTION, ETC. (IMPRINT) |
| Place of publication, distribution, etc. |
Mount Pleasant, SC : |
| Name of publisher, distributor, etc. |
Arbordale Publishing, |
| Date of publication, distribution, etc. |
2015. |
| 264 #1 - PRODUCTION, PUBLICATION, DISTRIBUTION, MANUFACTURE, AND COPYRIGHT NOTICE |
| Place of production, publication, distribution, manufacture |
Mount Pleasant, SC : |
| Name of producer, publisher, distributor, manufacturer |
Arbordale Publishing, |
| Date of production, publication, distribution, manufacture, or copyright notice |
2015. |
| 300 ## - PHYSICAL DESCRIPTION |
| Extent |
1 volume (unpaged) : |
| Other physical details |
color illustrations ; |
| Dimensions |
25 cm |
| 336 ## - CONTENT TYPE |
| Content type term |
text |
| Content type code |
txt |
| Source |
rdacontent |
| 337 ## - MEDIA TYPE |
| Media type term |
unmediated |
| Media type code |
n |
| Source |
rdamedia |
| 338 ## - CARRIER TYPE |
| Carrier type term |
volume |
| Carrier type code |
nc |
| Source |
rdacarrier |
| 504 ## - BIBLIOGRAPHY, ETC. NOTE |
| Bibliography, etc |
Includes bibliographical references and index. |
| 520 ## - SUMMARY, ETC. |
| Summary, etc. |
Un una noche fr̕a, y lluviosa de primavera, una nįa y su padre cient̕fico, participan en La noche de salamandras para seguir a cientos de estas salamandras moteadas mientras ellas se aventuran en una piscina primaveral para aparearse y poner huevos. En conjunto, el equipo de padre e hija, estudian a las salamandras en su completa metamorf̤sis anfibia, que culmina en la desaparici̤n de las salamandras adultas en el bosque a finales del verano. En un texto f̀cil de entender, la nįa relata la historia a trav̌s de su propio diario fotogr̀fico. |
| 520 ## - SUMMARY, ETC. |
| Summary, etc. |
One cold, rainy, spring night, a young girl and her scientist father participate in “Salamander Night” to follow hundreds of spotted salamanders as they venture into a vernal pool to breed and lay eggs. Together, the father-child team studies the salamanders through their complete amphibian metamorphosis, culminating in the adult salamanders| disappearance into the woods in late summer. In easy-to-understand text, the girl relates the tale through her illustrated, photographic journal. |
| 650 #0 - SUBJECT ADDED ENTRY--TOPICAL TERM |
| Topical term or geographic name as entry element |
Spotted salamander |
| Form subdivision |
Juvenile literature. |
| 650 #0 - SUBJECT ADDED ENTRY--TOPICAL TERM |
| Topical term or geographic name as entry element |
Amphibians |
| Form subdivision |
Juvenile literature. |
| 650 #7 - SUBJECT ADDED ENTRY--TOPICAL TERM |
| Topical term or geographic name as entry element |
Salamandras moteadas |
| Form subdivision |
Literatura juvenil. |
| Source of heading or term |
local |
| 650 #7 - SUBJECT ADDED ENTRY--TOPICAL TERM |
| Topical term or geographic name as entry element |
Anfibios |
| Form subdivision |
Literatura juvenil. |
| Source of heading or term |
bidex |
| 700 1# - ADDED ENTRY--PERSONAL NAME |
| Personal name |
Frederick, J. Adam, |
| Relator term |
author. |
| 700 1# - ADDED ENTRY--PERSONAL NAME |
| Personal name |
Bersani, Shennen, |
| Relator term |
illustrator. |
| 776 08 - ADDITIONAL PHYSICAL FORM ENTRY |
| Relationship information |
Online version: |
| Main entry heading |
Curtis, Jennifer Keats, author. |
| Title |
Temporada de salamandras. |
| Place, publisher, and date of publication |
Mount Pleasant, SC : Arbordale Publishing, 2015 |
| International Standard Book Number |
9781628555929 |
| Record control number |
(DLC) 2014049344 |
| 942 ## - ADDED ENTRY ELEMENTS (KOHA) |
| Source of classification or shelving scheme |
Dewey Decimal Classification |
| Koha item type |
Libro/Book |